000 00297cam a22000977a 4500
008 180718b1956 xxu||||| |||| 00| 0 eng d
082 _aZ29x42 Un3p
245 _aReport of the reorganisation commission for pigs and bacon
260 _aLondon
_bHer Majesty's Stationery Office
_c1956
300 _a101+p.
999 _c427356
_d427356